Statistics for The Last Country to Occupy Each South American Country

Click here to take the quiz!

General Stats

  • This quiz has been taken 1,018 times
    (880 since last reset)
  • The average score is 11 of 12

Answers on the Map

Answers color-coded by a green-red scale on the quiz's map according to % correct below.
 

Answer Stats

CountryYearLast country to occupy% Correct
Bolivia1825Spain/Peru
100%
Brazil1822Portugal
99%
Argentina1816Spain
99%
Chile1818Spain
99%
Ecuador1822Spain
99%
Peru1821Spain
99%
Venezuela1821Spain
99%
Guyana1966United Kingdom
96%
Paraguay1870Triple Alliance
95%
Uruguay1811Brazilian Empire
93%
Suriname1975Netherlands
92%
Colombia1831Gran Colombia
68%

Score Distribution

Percentile by Number Answered

Percent of People with Each Score

Your Score History

You have not taken this quiz since the last reset